| 000 | 00652cam a2200193 4500 | ||
|---|---|---|---|
| 001 | WB3549-27 | ||
| 008 | 000000n1999 000 0 eng u | ||
| 035 | _a(Sirsi) u103121 | ||
| 245 | _aLegal documents online | ||
| 260 | _c1999 | ||
| 490 |
_aFinancial Times _v14 December 1999, 4(1) |
||
| 520 | _aA top law firm, Berwin Leighton, is launching a service called Be-Legal, offering customised legal documents to small and medium sized businesses over the internet. | ||
| 590 | _aWB | ||
| 650 | _aLAW FIRMS | ||
| 650 | _aLEGAL DOCUMENTATION | ||
| 650 | _aINTERNET | ||
| 690 | _aMANAGEMENT-BUSINESS MANAGEMENT-PROFESSIONAL PRACTICE | ||
| 942 | _n0 | ||
| 999 |
_c61972 _d61972 |
||